One More Night - Maroon 5 - All Lyrics - Statistics

General Stats
  • This quiz has been taken 253 times
    239 since last reset
  • The average score is 408 of 477
Answer Stats
Answer % Correct
I
99%
You
99%
you
99%
you)
99%
a
98%
night
98%
night,
98%
night)
98%
on
98%
one
98%
and
97%
And
97%
more
97%
go
95%
go)
95%
me
95%
(Oh)
94%
Oh
94%
(Oh,
94%
oh-oh,
94%
oh-oh)
94%
oh-oh-oh,
94%
(Oh-oh-oh,
94%
oh-oh-oh)
94%
(Oh, oh-oh)
94%
(Oh, yeah)
94%
(Ooh,
94%
my
93%
to
93%
it
92%
like
90%
(Like
90%
with
90%
stay
89%
we
89%
know
88%
so
88%
So
88%
heart,
87%
heart
87%
no
87%
"no",
87%
yeah,
87%
Yeah
87%
Yeah,
87%
yeah)
87%
(Yeah)
87%
yeah
87%
(Yeah,
87%
yeah-yeah
87%
yeah-yeah,
87%
yeah, yeah
87%
(Yeah, yeah)
87%
do
86%
the
86%
body,
85%
body
85%
die
85%
hope
85%
I'll
85%
love
85%
only
85%
but
84%
But
84%
cross
83%
again,
82%
again
82%
baby,
82%
million
82%
tattoo
82%
tattoo,
82%
making
81%
(Making
81%
said
81%
that
81%
That
81%
times
81%
times,
81%
times)
81%
keep
80%
Got
79%
got
79%
head,
79%
head
79%
in
78%
at
77%
each
77%
other
77%
there
77%
this
77%
we're
77%
hard
76%
stop,
75%
your
75%
can't
73%
Let
73%
(Let
73%
tell
73%
"yes"
73%
all
72%
get
72%
I've
72%
feeling
71%
of
71%
telling
70%
be
69%
keeps
69%
out
69%
stupid,
69%
stupid
69%
Try
69%
going
68%
back
67%
I'm
67%
up
67%
up,
67%
as
65%
now
65%
stuck
64%
war
63%
lipstick
62%
guilty
60%
hell
60%
sick,
60%
using
60%
waking
58%
breath
57%
myself
57%
give
56%
morning,
56%
rough,
56%
hating
53%
score
52%
satisfied,
51%
crawling
49%
stopped
49%
doors
48%
keeping
48%
slamming
48%
things
48%
throwing
48%
dysfunctional,
45%
probably
45%
damn
38%
No matching quizzes found
Score Distribution
Percent of People with Each Score
Percentile by Number Answered
Your Score History
You have not taken this quiz since the last reset